000
00220cam a22000857a 4500
008
180718b xxu||||| |||| 00| 0 eng d
100
_a
Byres,Terence J
245
_a
State,class and development planning in India
260
_a
_b
_c
999
_c
367816
_d
367816